000 01254cam a2200313 a 4500
005 20230609121135.0
008 090626s2009 nyua 001 0 eng
010 _a 2009025226
015 _2bnb
_aGBA966559
016 7 _a015306950
_2Uk
020 _a9780071626699 (alk. paper)
020 _a0071626697 (alk. paper)
035 _a(OCoLC)ocn276338117
040 _aDLC
_cDLC
_dYDX
_dBTCTA
_dYDXCP
_dUKM
_dORX
_dDLC
082 0 0 _a658.0076
_222
_bPHI-C
100 1 _aPhillips, Joseph.
245 1 0 _aCBAP, Certified Business Analysis Professional :
_ball-in-one exam guide /
_cJoseph Phillips.
246 3 _aAll-in-one CBAP, Certified Business Analysis Professional exam guide
260 _aNew York :
_bMcGraw-Hill,
_cc2009.
300 _axvii, 477 p. :
_bill. ;
_c24 cm. +
490 1 _aAll-in-one
500 _aIncludes index.
538 _aSystem requirements: 20MB hard disk space; Windows 2000 or later; Internet Explorer 6.0 or later, Adobe Acrobat Reader.
650 0 _aBusiness analysts
_xExaminations
_vStudy guides.
650 0 _aBusiness analysts
_xCertification.
906 _a7
_bcbc
_corignew
_d1
_eecip
_f20
_gy-gencatlg
999 _c18700
_d18700